| 000 | 01368nam a22004097a 4500 | ||
|---|---|---|---|
| 001 | 0051332 | ||
| 003 | KOHA_MİRAKIL | ||
| 005 | 20260207003802.0 | ||
| 007 | ta | ||
| 008 | 150629b2015 tu |||gr||||#||||0|tur | | ||
| 020 | _a9786053200369 | ||
| 040 |
_aTR-BiSEU _btur _cTR-BiSEU _erda |
||
| 041 | 0 | _atur | |
| 044 | _ctu | ||
| 050 |
_aHC241.25 _b.Y55 2015 |
||
| 100 | 1 | _aYıldız, Uğur Burç. | |
| 245 | 1 |
_aAvrupa Birliği'nin dış ilişkileri : _bbölgesel politikalar, bölgeler ve uluslararası aktörler ile ilişkiler/ _cUğur Burç Yıldız ; Uğur Burç Yıldız. |
|
| 264 | 1 |
_aAnkara : _bNobel Kitap _c2015 |
|
| 300 |
_a444 sayfa ; _c21 cm. |
||
| 336 |
_ametin _btxt _2rdacontent |
||
| 337 |
_aaracısız _bn _2rdamedia |
||
| 338 |
_acilt _bnc _2rdacarrier |
||
| 490 | 1 |
_aNobel Kitap ; _vYayın no. |
|
| 490 | 1 | _a1130. | |
| 490 | 1 | _a Yönetim/Siyaset/Uluslararası İlişkiler No. | |
| 490 | 1 |
_a ; _v18. |
|
| 500 | _aKaynakça var. | ||
| 650 | 0 |
_aAvrupa Birliği--Türkiye. _98351 |
|
| 650 | 0 |
_aTürkiye--Dış ilişkiler--Avrupa. _919818 |
|
| 650 | 0 |
_aEuropean Union--Turkey. _97516 |
|
| 650 | 0 |
_aTurkey--Foreign relations--Europe. _919819 |
|
| 830 | 1 |
_aNobel Kitap ; _vYayın no. _978323 |
|
| 830 | 1 |
_a1130. _995391 |
|
| 830 | 1 |
_a Yönetim/Siyaset/Uluslararası İlişkiler No. _995392 |
|
| 830 | 1 |
_a ; _v18. _91620 |
|
| 942 |
_2lcc _cBK |
||
| 999 |
_c51156 _d51156 |
||